Code of practice for the protection of empty buidings (Record no. 109465)
[ view plain ]
| 000 -LEADER | |
|---|---|
| fixed length control field | 01682cad a22002415a 4500 |
| 001 - CONTROL NUMBER | |
| control field | E147166 |
| 008 - FIXED-LENGTH DATA ELEMENTS--GENERAL INFORMATION | |
| fixed length control field | 090408s2009 xxk f 000 0 eng d |
| 035 ## - SYSTEM CONTROL NUMBER | |
| System control number | (Sirsi) u147166 |
| 041 0# - LANGUAGE CODE | |
| Language code of text/sound track or separate title | eng |
| 050 04 - LIBRARY OF CONGRESS CALL NUMBER | |
| Classification number | 693.82 $2 18 |
| 110 2# - MAIN ENTRY--CORPORATE NAME | |
| Corporate name or jurisdiction name as entry element | Fire Protection Association |
| 9 (RLIN) | 231 |
| 245 00 - TITLE STATEMENT | |
| Title | Code of practice for the protection of empty buidings |
| Remainder of title | fire safety and security |
| Medium | [electronic resource] |
| 260 ## - PUBLICATION, DISTRIBUTION, ETC. | |
| Place of publication, distribution, etc. | Moreton in Marsh |
| Name of publisher, distributor, etc. | Fire Protection Association |
| Date of publication, distribution, etc. | 2009 |
| 505 2# - FORMATTED CONTENTS NOTE | |
| Formatted contents note | Introduction -- Scope -- Synopsis -- Section 1, the extent of the problem -- Section 2, managing the shutdown -- Section 3, fire and empty buildings -- Section 4, information for the fire service -- Section 5, temporary use of empty buildings -- Section 6, adjacent property -- Section 7, general precautions -- Section 8, security precautions: perimeter protection; lighting; physical security measures; electronic security systems; manned guarding services -- Section 9, insurers' requirements -- Section 10, liaison with the police -- Section 11, legal liability; Section 12, management checklist -- Appendix A: historic buildings -- References |
| 520 ## - SUMMARY, ETC. | |
| Summary, etc. | Provides guidance on fire protection measures to those with responsibility for any premises which are empty on a temporary basis and which are considered by the owners to have a viable future, as well as those buildings which have a more uncertain future. |
| 521 ## - TARGET AUDIENCE NOTE | |
| Target audience note | Introductory |
| 590 ## - LOCAL NOTE (RLIN) | |
| Local note | KA |
| 651 #4 - SUBJECT ADDED ENTRY--GEOGRAPHIC NAME | |
| Geographic name | United Kingdom |
| Chronological subdivision | |
| 690 ## - LOCAL SUBJECT ADDED ENTRY--TOPICAL TERM (OCLC, RLIN) | |
| Topical term or geographic name as entry element | MANAGEMENT-HEALTH AND SAFETY-FIRE SAFETY |
| 710 1# - ADDED ENTRY--CORPORATE NAME | |
| Corporate name or jurisdiction name as entry element | Norwich Union |
| 856 40 - ELECTRONIC LOCATION AND ACCESS | |
| Uniform Resource Identifier | <a href="https://www.nurs.co.uk/riskadvice/index.htm">https://www.nurs.co.uk/riskadvice/index.htm</a> |
| Public note | View the report free of charge at www.nurs.co.uk... |
| 942 ## - ADDED ENTRY ELEMENTS (KOHA) | |
| Suppress in OPAC | 0 |
| Withdrawn status | Lost status | Source of classification or shelving scheme | Damaged status | Not for loan | Home library | Current library | Shelving location | Date acquired | Total Checkouts | Full call number | Barcode | Date last seen | Copy number | Price effective from | Koha item type |
|---|---|---|---|---|---|---|---|---|---|---|---|---|---|---|---|
| Dewey Decimal Classification | Virtual | Virtual | Online | 08/04/2009 | ONLINE PUBLICATION | 147166-2001 | 06/08/2019 | 1 | 06/08/2019 | Book |